| 000 | 00524nam a2200181 4500 | ||
|---|---|---|---|
| 003 | SEACOMMC | ||
| 005 | 20250425135557.0 | ||
| 008 | 241127b |||||||| |||| 00| 0 eng d | ||
| 020 |
_a 81-8901-919-8. _cRs.175.00 |
||
| 040 | _aSEACOMMC | ||
| 082 |
_a425 _bD 441 |
||
| 100 | _a Sarkar, P.K. De. | ||
| 245 | 1 |
_aA Text-book of Higher English Grammar, Composition & Translation _c P.K. De Sarkar |
|
| 250 | _a46th rev. and enl. ed. | ||
| 260 |
_aKolkata _b Book Syndicate _c 2007 |
||
| 650 | _a English grammar | ||
| 942 | _cBOOK | ||
| 999 |
_c798 _d798 |
||